[Event "GER-ch 88th"]
[Site "Apolda"]
[Date "2017.06.23"]
[Round "1"]
[White "Bischoff, Klaus"]
[Black "Schulz, Karsten"]
[Result "1-0"]
[WhiteElo "2504"]
[BlackElo "2274"]
[EventDate "2017.06.23"]
[PlyCount "95"]

1. d4 d6 2. e4 Nf6 3. f3 e5 4. d5 Be7 5. c4 O-O 6. Be3 Nh5 7. Ne2 Bg5 8. Bf2 f5 9. Nec3 Bh6 10. Nd2 fxe4 11. Ndxe4 Nf4 12. h4 Nd7 13. g3 Ng6 14. Bd3 Nf6 15. Qc2 Re8 16. g4 Bf4 17. Ne2 c6 18. h5 Nf8 19. Nxf4 exf4 20. dxc6 Bxg4 21. fxg4 Nxe4 22. Bxe4 Qe7 23. O-O Qxe4 24. Qxe4 Rxe4 25. cxb7 Rb8 26. b3 Rxb7 27. Rfe1 Rxe1+ 28. Rxe1 Kf7 29. Rd1 Ke6 30. Rd5 Nd7 31. Rf5 Ne5 32. Rxf4 a5 33. Bd4 a4 34. Bxe5 dxe5 35. Rf3 axb3 36. axb3 e4 37. Rc3 Ke5 38. c5 Kd4 39. c6 Rc7 40. Rc1 Kd3 41. b4 Kd2 42. Rc5 e3 43. Rd5+ Kc3 44. b5 Kc4 45. Rd7 Rc8 46. Kf1 Kxb5 47. c7 Kc6 48. Rxg7 1-0

[Event "GER-ch 88th"]
[Site "Apolda"]
[Date "2017.06.23"]
[Round "1"]
[White "Buecker, Stefan"]
[Black "Kollars, Dmitrij"]
[Result "0-1"]
[WhiteElo "2291"]
[BlackElo "2510"]
[EventDate "2017.06.23"]
[PlyCount "100"]

1. b3 e5 2. Bb2 Nc6 3. Nf3 e4 4. Ne5 Nxe5 5. Bxe5 Nf6 6. e3 d5 7. c4 dxc4 8. bxc4 Bd6 9. Bg3 O-O 10. Nc3 Bg4 11. Qb1 Re8 12. Qxb7 Bxg3 13. hxg3 Rb8 14. Qxa7 Rb2 15. Qd4 Qb8 16. Nb5 Rc2 17. Na3 c5 18. Qxc5 Rxd2 19. Kxd2 Qb2+ 20. Nc2 Rd8+ 21. Qd4 Rxd4+ 22. exd4 e3+ 23. Kxe3 Bf5 24. Bd3 Ng4+ 25. Kd2 Bxd3 26. Kxd3 Nxf2+ 27. Kd2 Ne4+ 28. Kd1 f5 29. a4 Qc3 30. Kc1 Nf2 31. Rd1 Nxd1 32. Kxd1 Qxc4 33. a5 Qf1+ 34. Kd2 Qxg2+ 35. Kc1 Qg1+ 36. Kb2 Qxg3 37. a6 Qb8+ 38. Kc3 Qa7 39. Nb4 Kf7 40. Ra5 f4 41. Rf5+ Kg6 42. Nc6 Qa8 43. Ne7+ Kh6 44. Ra5 g6 45. d5 f3 46. Nc6 f2 47. Ra1 Qh8+ 48. Nd4 Qc8+ 49. Kd2 Qc4 50. Rh1+ Kg7 0-1

[Event "GER-ch 88th"]
[Site "Apolda"]
[Date "2017.06.23"]
[Round "1"]
[White "Bussard, Christian"]
[Black "Keymer, Vincent"]
[Result "1/2-1/2"]
[WhiteElo "2251"]
[BlackElo "2411"]
[EventDate "2017.06.23"]
[PlyCount "104"]

1. e4 c5 2. Nf3 e6 3. d4 cxd4 4. Nxd4 a6 5. Bd3 Nf6 6. O-O Qc7 7. Qe2 d6 8. c4 g6 9. Nc3 Bg7 10. Be3 O-O 11. f3 Nc6 12. Nxc6 bxc6 13. Rac1 Nd7 14. Rfd1 c5 15. Bb1 Bb7 16. Kh1 Ne5 17. b3 Rad8 18. Qf2 f5 19. Qg3 Kh8 20. Qh3 f4 21. Bd2 Qe7 22. Rg1 Bc8 23. g4 fxg3 24. Rxg3 d5 25. Bg5 Bf6 26. Bh6 d4 27. Ne2 d3 28. Bxf8 Rxf8 29. Ng1 Bh4 30. Rd1 Bxg3 31. Qxg3 Nc6 32. Bxd3 e5 33. Bf1 Nd4 34. Bg2 Bb7 35. Nh3 Qf6 36. Ng1 Rd8 37. Qe1 Rf8 38. Qg3 Kg7 39. Rd2 Bc6 40. Rd1 h5 41. Qe1 g5 42. Qa5 g4 43. fxg4 hxg4 44. Qxc5 Nf3 45. Rd6 Qf4 46. Bxf3 gxf3 47. Qxc6 f2 48. Rg6+ Kh7 49. Rg2 Qf6 50. Qd7+ Rf7 51. Qh3+ Qh6 52. Qg3 Qf6 1/2-1/2

[Event "GER-ch 88th"]
[Site "Apolda"]
[Date "2017.06.23"]
[Round "1"]
[White "Donchenko, Alexander"]
[Black "Frischmann, Rick"]
[Result "1-0"]
[WhiteElo "2573"]
[BlackElo "2302"]
[EventDate "2017.06.23"]
[PlyCount "49"]

1. d4 Nf6 2. c4 g6 3. f3 Nh5 4. Nh3 e5 5. dxe5 Nc6 6. Bg5 Be7 7. Bxe7 Qxe7 8. Nc3 Qxe5 9. g4 Nf6 10. Qd2 d6 11. g5 Nh5 12. Nd5 O-O 13. f4 Qe4 14. Nf2 Qxc4 15. e3 Qa4 16. Be2 Ng7 17. h4 Ne8 18. b3 Qa3 19. h5 Be6 20. hxg6 fxg6 21. Bc4 Bxd5 22. Qxd5+ Kh8 23. Rxh7+ Kxh7 24. Qh1+ Kg7 25. Qh6# 1-0

[Event "GER-ch 88th"]
[Site "Apolda"]
[Date "2017.06.23"]
[Round "1"]
[White "Fuchs, Florian"]
[Black "Dobierzin, Olaf"]
[Result "1-0"]
[WhiteElo "2335"]
[BlackElo "2020"]
[EventDate "2017.06.23"]
[PlyCount "55"]

1. e4 c5 2. Nc3 Nc6 3. Nf3 d6 4. d4 cxd4 5. Nxd4 Nf6 6. Bg5 e6 7. Qd2 a6 8. O-O-O Bd7 9. f3 b5 10. Nxc6 Bxc6 11. Kb1 h5 12. h4 Be7 13. Bd3 Qc7 14. Rhe1 Qb7 15. Ne2 e5 16. Ng3 g6 17. Nf1 O-O 18. Ne3 Rfe8 19. Qf2 Rad8 20. g4 hxg4 21. Bxf6 Bxf6 22. fxg4 Bg7 23. h5 Bxe4 24. Bxe4 Qxe4 25. Nd5 Qxg4 26. h6 Qg5 27. hxg7 Kxg7 28. Rg1 1-0

[Event "GER-ch 88th"]
[Site "Apolda"]
[Date "2017.06.23"]
[Round "1"]
[White "Goepfert, Jakob"]
[Black "Jahncke, Giso"]
[Result "1/2-1/2"]
[WhiteElo "2109"]
[BlackElo "2340"]
[EventDate "2017.06.23"]
[PlyCount "88"]

1. d4 Nf6 2. c4 g6 3. Nc3 Bg7 4. e4 d6 5. h3 O-O 6. Bg5 c5 7. d5 e6 8. Bd3 exd5 9. cxd5 Re8 10. Nge2 Nbd7 11. O-O a6 12. a4 Qc7 13. Rc1 c4 14. Bb1 Nc5 15. Ng3 Nfd7 16. Nce2 b5 17. axb5 axb5 18. b3 cxb3 19. Nd4 b2 20. Rc2 Ne5 21. Rxb2 Na4 22. Nxb5 Qb8 23. Rb4 Bd7 24. f4 Nc3 25. Qb3 Nxb5 26. fxe5 Ra3 27. Qxa3 Nxa3 28. Rxb8 Rxb8 29. e6 fxe6 30. Ba2 Bd4+ 31. Kh1 e5 32. Rf3 Nb5 33. Bc4 Rf8 34. Rxf8+ Kxf8 35. Ne2 Bc5 36. Kh2 Kf7 37. Kg3 Nc7 38. Nc3 Bd4 39. Ne2 Bc5 40. Nc3 Bb4 41. Ne2 Ba4 42. Kf3 Bc2 43. Nc1 Bd1+ 44. Be2 Bc2 1/2-1/2

[Event "GER-ch 88th"]
[Site "Apolda"]
[Date "2017.06.23"]
[Round "1"]
[White "Heinert, Eugen"]
[Black "Schmidt Schaeffer, Sebastian"]
[Result "1/2-1/2"]
[WhiteElo "2151"]
[BlackElo "2381"]
[EventDate "2017.06.23"]
[PlyCount "112"]

1. Nf3 d5 2. c4 e6 3. g3 Nf6 4. Bg2 Be7 5. O-O O-O 6. b3 c5 7. cxd5 Nxd5 8. Bb2 Nc6 9. d4 cxd4 10. Nxd4 Nxd4 11. Bxd4 Bd7 12. Nd2 Bc6 13. Nc4 f6 14. e4 Nb4 15. a3 Na6 16. Be3 e5 17. Qc2 Qc7 18. b4 Bd7 19. Rfc1 Be6 20. Na5 Qd7 21. Rd1 Qc8 22. Qxc8 Bxc8 23. Rac1 Rd8 24. Bf1 Rxd1 25. Rxd1 Nc7 26. Nxb7 Bxb7 27. Rd7 Bd8 28. Bc4+ Kh8 29. Bxa7 Bxe4 30. b5 h5 31. b6 Ne8 32. Bf7 Bc6 33. Bxe8 Bxb6 34. Bxb6 Rxe8 35. Rd8 Rxd8 36. Bxd8 Kg8 37. Kf1 Kf7 38. Ke2 Ke6 39. Kd3 h4 40. gxh4 Kd5 41. Be7 f5 42. h5 Ke6 43. Bf8 Kf7 44. h6 gxh6 45. Bxh6 Kg6 46. Bf8 f4 47. Bd6 Kf5 48. Kc4 e4 49. Kb4 e3 50. fxe3 fxe3 51. Bc5 Kf4 52. Kb3 Kf3 53. a4 e2 54. Bb4 Kg4 55. Be1 Kh3 56. Bg3 Bxa4+ 1/2-1/2

[Event "GER-ch 88th"]
[Site "Apolda"]
[Date "2017.06.23"]
[Round "1"]
[White "Hirneise, Jens"]
[Black "Nisipeanu, Liviu Dieter"]
[Result "0-1"]
[WhiteElo "2328"]
[BlackElo "2683"]
[EventDate "2017.06.23"]
[PlyCount "120"]

1. e4 c6 2. Nc3 d5 3. Nf3 dxe4 4. Nxe4 Nf6 5. Qe2 Bg4 6. d3 e6 7. g3 Nbd7 8. Bg2 Be7 9. h3 Bh5 10. O-O O-O 11. c3 Re8 12. Qc2 h6 13. Bf4 Nd5 14. Bd6 Bg6 15. Bxe7 Rxe7 16. Rad1 Qc7 17. Rfe1 e5 18. Nh4 Bh7 19. Nd2 N5f6 20. Ne4 Rd8 21. Qa4 a5 22. Qa3 Re6 23. Nf3 Nxe4 24. dxe4 Nf6 25. Rxd8+ Qxd8 26. Qa4 Qb6 27. b3 Qc5 28. b4 Qxc3 29. Qxa5 Bxe4 30. Re3 Qa1+ 31. Re1 Qc3 32. Re3 Qa1+ 33. Re1 Qb2 34. Qa8+ Re8 35. Qxb7 Qxa2 36. b5 Qa5 37. Re3 Qxb5 38. Qa7 Qd5 39. Qc7 Qe6 40. Qa7 Qd6 41. Qa1 Bxf3 42. Bxf3 e4 43. Bg2 c5 44. Qc1 Qd4 45. Rc3 Ra8 46. Qe1 g6 47. Bf1 Kg7 48. Rc4 Ra1 49. Rxd4 Rxe1 50. Rc4 Nd7 51. Kg2 f5 52. Ra4 Ne5 53. Ra7+ Kf6 54. Bb5 Rb1 55. Ra6+ Ke7 56. Ra7+ Kd6 57. Ra6+ Kd5 58. Be8 Nf3 59. Bf7+ Kd4 60. h4 g5 0-1

[Event "GER-ch 88th"]
[Site "Apolda"]
[Date "2017.06.23"]
[Round "1"]
[White "Huschenbeth, Niclas"]
[Black "Neyman, Igor"]
[Result "1-0"]
[WhiteElo "2585"]
[BlackElo "2308"]
[EventDate "2017.06.23"]
[PlyCount "85"]

1. e4 c5 2. Nf3 Nc6 3. d4 cxd4 4. Nxd4 e5 5. Nb5 d6 6. N1c3 a6 7. Na3 Be7 8. Be3 Nf6 9. Nc4 b5 10. Nb6 Rb8 11. Nxc8 Qxc8 12. Be2 O-O 13. O-O Rd8 14. a3 d5 15. Nxd5 Nxe4 16. c4 Nf6 17. Rc1 Qe6 18. Qc2 Nd4 19. Bxd4 exd4 20. Nxe7+ Qxe7 21. cxb5 axb5 22. Bd3 b4 23. a4 b3 24. Qc5 Qxc5 25. Rxc5 Nd5 26. Be4 Nb4 27. Rd1 g6 28. g4 Rd6 29. Kf1 d3 30. f3 Rd4 31. a5 Kg7 32. Kf2 h6 33. Ke3 Rd6 34. Kd2 Kf6 35. Ra1 Nc2 36. Ra4 Nb4 37. Rc3 Na6 38. Rxd3 Rxd3+ 39. Bxd3 Nc5 40. Rc4 Nd7 41. Rc7 Ke7 42. a6 Kd6 43. Rxd7+ 1-0

[Event "GER-ch 88th"]
[Site "Apolda"]
[Date "2017.06.23"]
[Round "1"]
[White "Kalinitschew, Sergey"]
[Black "Tonndorf, Matthias"]
[Result "1-0"]
[WhiteElo "2426"]
[BlackElo "2256"]
[EventDate "2017.06.23"]
[PlyCount "133"]

1. g3 d5 2. Nf3 c5 3. Bg2 Nc6 4. d4 Nf6 5. O-O e6 6. c4 cxd4 7. Nxd4 Bc5 8. Nb3 Bb6 9. cxd5 Nxd5 10. Na3 O-O 11. Nc4 Bc7 12. a3 Qf6 13. Qc2 a5 14. e4 Nde7 15. a4 e5 16. Be3 Be6 17. Nc5 Nb4 18. Qc3 Bc8 19. Rfd1 Nec6 20. Nd7 Bxd7 21. Rxd7 Rac8 22. h4 Nd4 23. Rxd4 exd4 24. Bxd4 Qh6 25. Rf1 Nc6 26. Bc5 Rfe8 27. f4 Rcd8 28. e5 Qh5 29. Bd6 Bb8 30. Bxb8 Rxb8 31. Nd6 Rf8 32. Rf3 Qg4 33. Rd3 Nb4 34. Rd2 Qe6 35. Kh2 b6 36. b3 Kh8 37. Bf1 f6 38. Bc4 Qe7 39. e6 h6 40. Qf3 Kh7 41. Qe4+ g6 42. f5 g5 43. hxg5 hxg5 44. Kg1 Kg7 45. Qg4 Rh8 46. Nf7 Qc5+ 47. Qd4 Qxd4+ 48. Rxd4 Rhe8 49. Rd7 Kf8 50. Nxg5 fxg5 51. f6 Rec8 52. e7+ Ke8 53. Be6 Rc1+ 54. Kg2 Rc2+ 55. Kf3 g4+ 56. Kxg4 Rf2 57. Kg5 Nc6 58. Rc7 Ne5 59. g4 Rf3 60. Rc1 Rh3 61. Kf5 Nd3 62. Rf1 b5 63. Kg6 Nc5 64. Bd5 Rc8 65. axb5 Rg3 66. g5 Nd7 67. Bf7# 1-0

[Event "GER-ch 88th"]
[Site "Apolda"]
[Date "2017.06.23"]
[Round "1"]
[White "Kersten, Uwe"]
[Black "Jugelt, Tobias"]
[Result "0-1"]
[WhiteElo "2257"]
[BlackElo "2431"]
[EventDate "2017.06.23"]
[PlyCount "166"]

1. d4 d5 2. Bf4 e6 3. e3 c5 4. c3 Nc6 5. Nf3 Bd6 6. Bg3 Nge7 7. Bd3 Bxg3 8. hxg3 Qb6 9. b3 h6 10. Nbd2 Bd7 11. Rc1 Rc8 12. g4 e5 13. Nxe5 Nxe5 14. dxe5 Nc6 15. Be2 Nxe5 16. Rh5 Qe6 17. Nf3 f6 18. g5 g6 19. Rh1 fxg5 20. Nxg5 Qf6 21. Nf3 Bc6 22. Nxe5 Qxe5 23. Rh3 Kf7 24. Bd3 Rce8 25. Qg4 Qe6 26. Qh4 Kg7 27. Rg3 g5 28. Kd2 Kf6 29. Qh5 Ke7 30. Rh1 Kd8 31. Qg6 Qxg6 32. Bxg6 Ref8 33. f3 Ke7 34. Rgh3 Kf6 35. Bc2 Kg7 36. R3h2 Rf6 37. Re1 h5 38. e4 dxe4 39. Bxe4 Rd6+ 40. Kc2 Re6 41. Rhh1 Bxe4+ 42. fxe4 h4 43. Kd3 Kg6 44. Kc4 Rhe8 45. Kd3 Rd8+ 46. Kc2 b5 47. Rhf1 Ra6 48. Ra1 Re8 49. Rfe1 b4 50. Re3 Rf8 51. Re2 Rf4 52. Kd3 Rd6+ 53. Kc4 bxc3 54. Kxc3 Rd4 55. e5 Rde4 56. Rae1 Rxe2 57. Rxe2 Kf7 58. e6+ Ke7 59. Re5 Rg4 60. Re2 a5 61. a4 Rg3+ 62. Kc4 g4 63. Kb5 Rxb3+ 64. Kxa5 Rb8 65. Re4 Rb4 66. Re5 Rb2 67. Rh5 Kxe6 68. Rxh4 g3 69. Rg4 Rb3 70. Rg5 c4 71. Rc5 c3 72. Ka6 Kd6 73. Rc8 Kd5 74. a5 Kd4 75. Ka7 Rb2 76. a6 Rxg2 77. Rd8+ Ke5 78. Re8+ Kd6 79. Rc8 Rc2 80. Rg8 g2 81. Ka8 Ra2 82. a7 c2 83. Rd8+ Ke7 0-1

[Event "GER-ch 88th"]
[Site "Apolda"]
[Date "2017.06.23"]
[Round "1"]
[White "Kolbus, Dietmar"]
[Black "Svane, Rasmus"]
[Result "0-1"]
[WhiteElo "2306"]
[BlackElo "2581"]
[EventDate "2017.06.23"]
[PlyCount "208"]

1. Nf3 d5 2. g3 g6 3. Bg2 Bg7 4. d4 Nd7 5. c4 dxc4 6. Qa4 Ngf6 7. O-O O-O 8. Qxc4 Nb6 9. Qb3 Be6 10. Qc2 Bf5 11. Qb3 a5 12. Nc3 Ne4 13. Na4 Nxa4 14. Qxa4 c6 15. Be3 Nd6 16. b3 Be4 17. Rad1 Nf5 18. Qc4 Qb6 19. Bc1 Bxf3 20. Bxf3 Nxd4 21. Bg2 Qb4 22. e3 Qxc4 23. bxc4 Ne2+ 24. Kh1 Rfd8 25. Bd2 Bc3 26. Bc1 Nxc1 27. Rxc1 Bb4 28. Rfd1 Kf8 29. Kg1 e6 30. Kf1 Ke7 31. Ke2 Rac8 32. Be4 Rc7 33. Rxd8 Kxd8 34. Rd1+ Kc8 35. Bc2 Re7 36. g4 f5 37. h3 Kc7 38. f4 Kb6 39. Bd3 Kc5 40. Rb1 Bc3 41. Kf3 Rd7 42. Ke2 Bf6 43. a4 Bc3 44. Rb3 Ba1 45. Rb1 Bf6 46. Rb3 h5 47. g5 Bg7 48. h4 Rf7 49. Kf3 e5 50. fxe5 Bxe5 51. Rb1 Rd7 52. Rb3 b6 53. Kf2 Rd8 54. Kf3 Rd6 55. Kf2 Re6 56. Kf3 Bd6 57. Kf2 Bh2 58. Kg2 Rxe3 59. Kxh2 Kd4 60. Rxb6 Kxd3 61. Rxc6 Re4 62. Kh3 f4 63. Rxg6 f3 64. Rb6 Rg4 65. Rb3+ Ke2 66. Rb2+ Ke3 67. Rb3+ Kf4 68. Rb2 Rg1 69. c5 Rh1+ 70. Rh2 Rg1 71. Rb2 Rh1+ 72. Rh2 Rc1 73. Rb2 Rxc5 74. Rb8 Rc1 75. Rf8+ Ke3 76. Re8+ Kf2 77. Kh2 Rc4 78. Kh3 Rxa4 79. Rc8 Rg4 80. Rc2+ Ke3 81. Rc3+ Ke2 82. Rc2+ Ke1 83. Rc1+ Kd2 84. Ra1 a4 85. Ra2+ Ke1 86. Ra1+ Kd2 87. Ra2+ Kc1 88. Rf2 a3 89. Rf1+ Kc2 90. Rf2+ Kc1 91. Rf1+ Kd2 92. Rxf3 Ra4 93. Rf2+ Kd3 94. Ra2 Kc3 95. g6 Kb3 96. Rf2 Rg4 97. Rf6 a2 98. Ra6 Kb2 99. Rb6+ Ka3 100. Ra6+ Ra4 101. g7 a1=Q 102. Rxa4+ Kxa4 103. g8=Q Qh1+ 104. Kg3 Qg1+ 0-1

[Event "GER-ch 88th"]
[Site "Apolda"]
[Date "2017.06.23"]
[Round "1"]
[White "Langheinrich, Ferenc"]
[Black "Middelhoff, Cornelius"]
[Result "1-0"]
[WhiteElo "2364"]
[BlackElo "2131"]
[EventDate "2017.06.23"]
[PlyCount "73"]

1. e4 c5 2. Nf3 Nc6 3. d4 cxd4 4. Nxd4 e5 5. Nb5 d6 6. c4 Be7 7. N1c3 a6 8. Na3 Be6 9. Nc2 Bg5 10. Be2 Bxc1 11. Rxc1 Nf6 12. O-O O-O 13. Qd2 Qd7 14. Rfd1 Rfd8 15. b4 Rac8 16. Nd5 Bxd5 17. exd5 Ne7 18. Ne3 a5 19. a3 axb4 20. axb4 b6 21. Ra1 Ra8 22. Qc2 h6 23. Rxa8 Rxa8 24. c5 bxc5 25. bxc5 dxc5 26. Qxc5 Ne4 27. Qb4 Nd6 28. Qb2 f6 29. g3 Qa4 30. Bg4 Nef5 31. Nxf5 Qxg4 32. Ne3 Qf3 33. Re1 Ne4 34. Qe2 Ng5 35. h4 Nh3+ 36. Kh2 Qxf2+ 37. Kxh3 1-0

[Event "GER-ch 88th"]
[Site "Apolda"]
[Date "2017.06.23"]
[Round "1"]
[White "Meier, Georg"]
[Black "Engel, Luis"]
[Result "1/2-1/2"]
[WhiteElo "2644"]
[BlackElo "2319"]
[EventDate "2017.06.23"]
[PlyCount "86"]

1. Nf3 c5 2. e4 d6 3. Bb5+ Nd7 4. d4 cxd4 5. Qxd4 a6 6. Bxd7+ Bxd7 7. O-O Rc8 8. Nc3 e5 9. Qb4 Bc6 10. Qb3 Nf6 11. Bg5 h6 12. Bxf6 Qxf6 13. Nd5 Qe6 14. c4 Be7 15. Rfd1 O-O 16. Nxe7+ Qxe7 17. Qe3 Rc7 18. b3 f5 19. exf5 Rxf5 20. Ne1 b5 21. cxb5 axb5 22. Rac1 Rf8 23. Rc2 Ba8 24. Rdc1 Rfc8 25. Qb6 Rxc2 26. Rxc2 Rxc2 27. Nxc2 Qb7 28. Qd8+ Kh7 29. Ne3 d5 30. Ng4 Qc6 31. h3 d4 32. f3 Qc1+ 33. Kh2 Qf4+ 34. Kg1 Qc1+ 35. Kh2 Qf4+ 36. Kg1 Bxf3 37. gxf3 Qg3+ 38. Kf1 Qxh3+ 39. Ke2 e4 40. Nf6+ gxf6 41. Qe7+ Kg8 42. Qe8+ Kg7 43. Qe7+ Kg8 1/2-1/2

[Event "GER-ch 88th"]
[Site "Apolda"]
[Date "2017.06.23"]
[Round "1"]
[White "Meister, Jakob [RUS]"]
[Black "Schneider, Jana"]
[Result "1/2-1/2"]
[WhiteElo "2433"]
[BlackElo "2261"]
[EventDate "2017.06.23"]
[PlyCount "170"]

1. c4 e5 2. Nc3 Nc6 3. e3 Bc5 4. Nge2 a6 5. d4 exd4 6. Nxd4 Nge7 7. Nb3 Ba7 8. Be2 d6 9. O-O O-O 10. Nd5 Be6 11. Nf4 Bf5 12. Bd2 Ne5 13. Bc3 N7g6 14. Nd4 Bd7 15. Nh5 f6 16. Qb3 Bc8 17. Rad1 Kh8 18. Qc2 Ne7 19. Nf4 Re8 20. Bh5 g6 21. Be2 Nf5 22. Nb3 Qe7 23. e4 Ng7 24. Nd5 Qf7 25. Kh1 c6 26. f4 Ng4 27. Bxg4 Bxg4 28. Nxf6 Bxd1 29. Qxd1 Re6 30. e5 Qe7 31. Qg4 dxe5 32. fxe5 Nf5 33. Qh3 Rd8 34. Ng4 Qd7 35. Nf6 Qe7 36. Nd2 Bd4 37. Nf3 Bxc3 38. bxc3 Rd3 39. Re1 Rxf3 40. Qxf3 Rxf6 41. g4 Re6 42. gxf5 Rxe5 43. Rxe5 Qxe5 44. fxg6 hxg6 45. Qh3+ Kg7 46. Qd7+ Kf6 47. Qxb7 Qe4+ 48. Kg1 Qxc4 49. Qb2 Qg4+ 50. Kf2 Kf5 51. Qb3 Qf4+ 52. Kg2 Qe4+ 53. Kf2 Kg5 54. c4 Qf4+ 55. Kg2 c5 56. Qd3 Qg4+ 57. Kf2 Qf4+ 58. Kg2 Qe5 59. Qd2+ Kf5 60. Qf2+ Ke6 61. Qc2 Qg5+ 62. Kf3 Qh5+ 63. Kg3 Ke5 64. Qd2 Ke4 65. Qc2+ Kd4 66. h3 Qe5+ 67. Kg4 Qe6+ 68. Kg5 Qe7+ 69. Kg4 Qh7 70. Qd2+ Kxc4 71. Qe2+ Kd4 72. Qd2+ Kc4 73. Qe2+ Kb4 74. Qd2+ Kb5 75. Qd3+ c4 76. Qd5+ Kb4 77. Qd2+ Kc5 78. Qa5+ Kd4 79. Qd2+ Ke4 80. Qe1+ Kd3 81. Qd1+ Kc3 82. Qc1+ Kb4 83. Qd2+ Ka4 84. Qd1+ Ka3 85. Qc1+ Kb4 1/2-1/2

[Event "GER-ch 88th"]
[Site "Apolda"]
[Date "2017.06.23"]
[Round "1"]
[White "Miller, Eduard"]
[Black "Buhmann, Rainer"]
[Result "1/2-1/2"]
[WhiteElo "2319"]
[BlackElo "2588"]
[EventDate "2017.06.23"]
[PlyCount "136"]

1. e4 e6 2. d3 d5 3. Nd2 Nf6 4. Ngf3 c5 5. g3 Nc6 6. Bg2 Be7 7. O-O O-O 8. Re1 Qc7 9. e5 Ng4 10. Qe2 Nh6 11. Nb3 Nf5 12. g4 Nfd4 13. Nbxd4 Nxd4 14. Nxd4 cxd4 15. a3 Bd7 16. b3 Rac8 17. Ra2 f6 18. Bf4 fxe5 19. Bxe5 Bd6 20. h4 Bxe5 21. Qxe5 Rf4 22. Qxc7 Rxc7 23. f3 Kf7 24. Kh2 Ke7 25. Kg3 Rf8 26. f4 Kd6 27. Re2 Re8 28. Bf3 h6 29. Ra1 Rec8 30. Ra2 a5 31. a4 b6 32. Rb2 Kc5 33. Ra2 Kb4 34. Kf2 Kc3 35. Kg3 Rf8 36. f5 Re8 37. Kf4 exf5 38. Rxe8 Bxe8 39. gxf5 Re7 40. Bxd5 Re1 41. Be4 Bf7 42. Ke5 g6 43. Kd6 gxf5 44. Bxf5 Rc1 45. Kc7 Bxb3 46. cxb3 Kxb3+ 47. Kxb6 Kxa2 48. Be6+ Ka3 49. Kxa5 Rc5+ 50. Kb6 Kb4 51. Bd7 Rh5 52. Bc6 Rf5 53. Be8 Re5 54. Bd7 Rh5 55. Bc6 Re5 56. Bd7 Ra5 57. Bb5 Ra8 58. Bc6 Rb8+ 59. Kc7 Rf8 60. Kb6 Kc3 61. Be4 Re8 62. a5 Rxe4 63. dxe4 d3 64. a6 d2 65. a7 d1=Q 66. a8=Q Qd6+ 67. Qc6+ Qxc6+ 68. Kxc6 Kd4 1/2-1/2

[Event "GER-ch 88th"]
[Site "Apolda"]
[Date "2017.06.23"]
[Round "1"]
[White "Prenzler, Daniel"]
[Black "Zude, Arno"]
[Result "0-1"]
[WhiteElo "2210"]
[BlackElo "2398"]
[EventDate "2017.06.23"]
[PlyCount "80"]

1. e4 e5 2. Nf3 Nc6 3. Nc3 Nf6 4. d4 exd4 5. Nxd4 Bb4 6. Nxc6 bxc6 7. Bd3 O-O 8. O-O d5 9. exd5 cxd5 10. h3 Re8 11. Qf3 Rb8 12. Bg5 c6 13. Rad1 Bd6 14. b3 Bb7 15. Qf5 Re5 16. Bxf6 Qxf6 17. Qxf6 gxf6 18. Ne2 Rbe8 19. Ng3 Bb4 20. c4 Bc3 21. Rc1 d4 22. Rc2 c5 23. f3 Be1 24. Ne4 Bxe4 25. fxe4 Bh4 26. g4 Bg5 27. Rf5 Rxf5 28. gxf5 Kf8 29. Kg2 Ke7 30. Kf3 Rb8 31. Rb2 Kd6 32. Rb1 Ke5 33. h4 Be3 34. Be2 a5 35. a4 Rg8 36. Rd1 Bf4 37. Rd3 Rg1 38. h5 Rg5 39. h6 Rg8 40. Rd1 Rg3+ 0-1

[Event "GER-ch 88th"]
[Site "Apolda"]
[Date "2017.06.23"]
[Round "1"]
[White "Rehberg, Raphael"]
[Black "Tischbierek, Raj"]
[Result "1-0"]
[WhiteElo "2264"]
[BlackElo "2452"]
[EventDate "2017.06.23"]
[PlyCount "99"]

1. e4 e6 2. d4 d5 3. Nc3 Bb4 4. e5 b6 5. Qg4 Bf8 6. Bd3 Qd7 7. a4 Nc6 8. Bb5 a6 9. Bxc6 Qxc6 10. a5 h5 11. Qf3 Ne7 12. Nge2 Nf5 13. Bd2 Be7 14. Qd3 Qc4 15. O-O Bd7 16. Qxc4 dxc4 17. axb6 cxb6 18. d5 O-O 19. Nf4 h4 20. Rfd1 Rfd8 21. d6 Bf8 22. Nfe2 f6 23. f4 Bc6 24. g4 hxg3 25. hxg3 Rd7 26. Kf2 Rf7 27. g4 Nh6 28. Nd4 fxe5 29. Nxc6 Bxd6 30. Ne4 Bc7 31. g5 Nf5 32. g6 Rd7 33. Nxe5 Bxe5 34. fxe5 Rd4 35. Re1 Ne7 36. Bc3 Rd5 37. Rg1 a5 38. Ke2 Nc6 39. Rad1 b5 40. Rxd5 exd5 41. Nd6 b4 42. Bd2 a4 43. Nf7 Kf8 44. Bg5 Ke8 45. Rd1 a3 46. bxa3 bxa3 47. e6 a2 48. Nd6+ Kf8 49. Rh1 Nd4+ 50. Kf2 1-0

[Event "GER-ch 88th"]
[Site "Apolda"]
[Date "2017.06.23"]
[Round "1"]
[White "Telljohann, Sven"]
[Black "Heimrath, Reiner"]
[Result "1-0"]
[WhiteElo "2407"]
[BlackElo "2231"]
[EventDate "2017.06.23"]
[PlyCount "119"]

1. b4 f5 2. Bb2 e6 3. e4 Qh4 4. Nc3 fxe4 5. g3 Qh6 6. Nxe4 Bxb4 7. Qg4 Bf8 8. Bg2 Nc6 9. f4 d6 10. Qe2 Be7 11. Nf3 Bf6 12. d4 Nge7 13. O-O Qg6 14. Rad1 O-O 15. Rfe1 h6 16. c4 d5 17. Nc5 dxc4 18. Qxc4 Qf7 19. Bh3 Nf5 20. Ne4 Rd8 21. Nxf6+ Qxf6 22. Ne5 Nce7 23. Qxc7 Nd5 24. Qc1 Bd7 25. Nxd7 Rxd7 26. Re5 Rc7 27. Qb1 g6 28. Qe4 Rc6 29. Re1 Kf7 30. Qf3 Rd8 31. Bf1 Rb6 32. Qa3 Rdd6 33. Ba1 a6 34. Bc4 Rbc6 35. Qb3 Rb6 36. Qf3 Nfe7 37. Bb3 Kg7 38. Bb2 Nc6 39. Qf2 Ncb4 40. Qd2 a5 41. h4 h5 42. Rg5 Kf7 43. Qe2 Nc6 44. f5 exf5 45. Bxd5+ Rxd5 46. Qe8+ Kg7 47. Re6 Rd8 48. Rxg6+ Kh7 49. Rgxf6 Rxe8 50. Rxe8 Rxb2 51. Rd6 Kg7 52. d5 Nd4 53. Re7+ Kf8 54. Rc7 Ke8 55. Rh6 Ne2+ 56. Kf2 Kd8 57. d6 Nd4+ 58. Ke3 Nc2+ 59. Kf4 Rb4+ 60. Kg5 1-0

[Event "GER-ch 88th"]
[Site "Apolda"]
[Date "2017.06.24"]
[Round "2"]
[White "Buhmann, Rainer"]
[Black "Bussard, Christian"]
[Result "1/2-1/2"]
[WhiteElo "2588"]
[BlackElo "2251"]
[EventDate "2017.06.23"]
[PlyCount "131"]

1. e4 e5 2. Nf3 d6 3. d4 exd4 4. Nxd4 Nf6 5. Nc3 Be7 6. g3 d5 7. e5 Ng4 8. Bg2 Nxe5 9. Qe2 Nbc6 10. Nxc6 Nxc6 11. Nxd5 O-O 12. Nxe7+ Qxe7 13. Qxe7 Nxe7 14. O-O c6 15. b3 Re8 16. c4 Ng6 17. Bb2 Bf5 18. Rfe1 Rxe1+ 19. Rxe1 Rd8 20. Bc3 f6 21. f4 Kf7 22. Kf2 Rd7 23. Bf3 Re7 24. Rd1 Rd7 25. Rg1 Be6 26. Re1 Ne7 27. h4 g6 28. g4 b6 29. Re3 c5 30. h5 Rd6 31. hxg6+ hxg6 32. Be2 Nc6 33. Rh3 Kg7 34. Rg3 Kf7 35. Rh3 Kg7 36. Rg3 Kf7 37. Rg1 Nd4 38. Bd1 Bc8 39. Rh1 Kg7 40. Re1 Kf7 41. Rh1 Kg7 42. g5 Bb7 43. Rh3 f5 44. b4 Be4 45. Bb2 Kg8 46. bxc5 bxc5 47. Ke1 Ra6 48. Ra3 Rxa3 49. Bxa3 Nc2+ 50. Bxc2 Bxc2 51. Kd2 Bb1 52. Bxc5 Bxa2 53. Kc3 a5 54. Kd4 Kf7 55. Kd5 Bb3 56. Ba3 a4 57. Bb4 Ba2 58. Kc5 Ke6 59. Kb5 Kd7 60. c5 Bd5 61. Kxa4 Kc6 62. Ba3 Bf3 63. Kb4 Bh5 64. Kc4 Be2+ 65. Kd4 Bd1 66. Ke5 1/2-1/2

[Event "GER-ch 88th"]
[Site "Apolda"]
[Date "2017.06.24"]
[Round "2"]
[White "Dobierzin, Olaf"]
[Black "Buecker, Stefan"]
[Result "0-1"]
[WhiteElo "2020"]
[BlackElo "2291"]
[EventDate "2017.06.23"]
[PlyCount "138"]

1. e4 e5 2. Nf3 Nc6 3. Bb5 a6 4. Ba4 Be7 5. O-O d6 6. c3 b5 7. Bb3 Nf6 8. h3 Na5 9. Bc2 g5 10. d4 g4 11. hxg4 Bxg4 12. dxe5 Nd7 13. Bf4 dxe5 14. Bg3 Nc4 15. b3 Nd6 16. Qd3 Bf6 17. Nbd2 h5 18. Nh2 Be6 19. f3 Rg8 20. Be1 Bg5 21. Kh1 Qe7 22. Bf2 Rd8 23. Rfd1 Nf6 24. Ndf1 h4 25. Ne3 Nb7 26. Qf1 Nh5 27. Nhg4 Bxe3 28. Nxe3 Ng3+ 29. Bxg3 hxg3 30. Kg1 Rh8 31. Qe1 Qg5 32. Rxd8+ Nxd8 33. Rd1 Bc8 34. Nf1 Rg8 35. Qd2 Ne6 36. Qxg5 Rxg5 37. Ne3 Nf4 38. Nd5 c6 39. Nxf4 exf4 40. Rd6 Rc5 41. Rd3 b4 42. c4 Ke7 43. Kf1 Ra5 44. Bb1 Rh5 45. Kg1 Rh8 46. Bc2 Be6 47. Rd2 Rh5 48. Bd3 a5 49. Be2 Rh8 50. Bf1 a4 51. Be2 axb3 52. axb3 Ra8 53. Kf1 Ra1+ 54. Bd1 Kf6 55. Ke2 Ke5 56. Kf1 c5 57. Ke2 Rc1 58. Rd3 Ra1 59. Rd2 Ra6 60. Kf1 f6 61. Ke2 Ra7 62. Kf1 Rd7 63. Rxd7 Bxd7 64. Ke1 Kd4 65. Be2 Kc3 66. Bd1 Be6 67. Ke2 Bf7 68. Ke1 Bxc4 69. bxc4 b3 0-1

[Event "GER-ch 88th"]
[Site "Apolda"]
[Date "2017.06.24"]
[Round "2"]
[White "Engel, Luis"]
[Black "Meister, Jakob [RUS]"]
[Result "1-0"]
[WhiteElo "2319"]
[BlackElo "2433"]
[EventDate "2017.06.23"]
[PlyCount "89"]

1. e4 c5 2. Nf3 e6 3. d4 cxd4 4. Nxd4 a6 5. g3 b6 6. Bg2 Bb7 7. O-O h5 8. Re1 h4 9. Nc3 hxg3 10. hxg3 Be7 11. Qg4 Kf8 12. Be3 d6 13. Rad1 Nd7 14. f4 Rc8 15. Qe2 Rxc3 16. bxc3 Qa8 17. e5 d5 18. f5 Nxe5 19. fxe6 f6 20. Nf5 Nc4 21. Qg4 g5 22. Bd4 Nh6 23. Nxh6 Rxh6 24. Kf2 Kg8 25. Rh1 Qf8 26. Rh5 Bc6 27. Rdh1 Rxh5 28. Qxh5 Qg7 29. Bf1 Nd6 30. Bd3 Ne4+ 31. Kg2 b5 32. g4 Bd6 33. Rh3 Kf8 34. Qh7 Be8 35. Bxe4 dxe4 36. Qh8+ Qxh8 37. Rxh8+ Ke7 38. Bxf6+ Kxf6 39. Rxe8 a5 40. Kf2 Bc5+ 41. Ke2 b4 42. cxb4 axb4 43. Rc8 Bd6 44. Ke3 Kxe6 45. Kxe4 1-0